ISEBE LELWANDLE ELECWENGILEKO (Record no. 631159)

MARC details
000 -LEADER
fixed length control field 00468nam a22001697a 4500
003 - CONTROL NUMBER IDENTIFIER
control field LECTIO TEAM
005 - DATE AND TIME OF LATEST TRANSACTION
control field 20220309110733.0
008 - FIXED-LENGTH DATA ELEMENTS--GENERAL INFORMATION
fixed length control field 220309b sa ||||| |||| 00| 0 eng d
020 ## - INTERNATIONAL STANDARD BOOK NUMBER
International Standard Book Number 9781430525271
040 ## - CATALOGING SOURCE
Original cataloging agency Manual
Transcribing agency Manual
Description conventions Resource Description and Access
082 ## - DEWEY DECIMAL CLASSIFICATION NUMBER
Classification number NDE KGF
Item number LECT
245 ## - TITLE STATEMENT
Title ISEBE LELWANDLE ELECWENGILEKO
Statement of responsibility, etc. LECTIO TEAM
260 ## - PUBLICATION, DISTRIBUTION, ETC.
Place of publication, distribution, etc. RANDHART, SOUTH AFRICA
Name of publisher, distributor, etc. LECTIO PUBLISHER
Date of publication, distribution, etc. 2013
300 ## - PHYSICAL DESCRIPTION
Extent 8pages
Dimensions 21cm
490 ## - SERIES STATEMENT
Series statement LALI BOOK NO 18
942 ## - ADDED ENTRY ELEMENTS
Source of classification or shelving scheme Dewey Decimal Classification
item type Book
Holdings
Withdrawn status Lost status Source of classification or shelving scheme Damaged status Not for loan Collection code Home library Current library Shelving location Date acquired Total Checkouts Full call number Barcode Date last seen Price effective from item type
    Dewey Decimal Classification       KWAMHLANGA REGIONAL LIBRARY LIBANGENI Children's Area 09.03.2022   NDE KF LECT 33228031021988 09.03.2022 09.03.2022 Continuing Resources